00433nam a2200181Ia 4500008004100000020001800041245002400059245001600083250001900099260001500118260003100133260000900164300001600173300002500189300001000214500000800224999001900232170705s9999 xx 000 0 und d a9780316053891 aEvery soul a star / cWendy Mass. aFirst edition. aNew York : bLittle, Brown and Company, c2008 a322 pages : bcolor illustration ; c19cm. a740 c336375d336375